000 00498nam a2200181Ia 4500
008 090124s9999 xx 000 0 und d
082 _b117761
100 _aलाटे दिनानाथ ना.
245 _a धूळफेक
250 _a1
260 _c1979
300 _a246
600 _aलाटे दिनानाथ ना.
630 _a धूळफेक
700 _aलाटे दिनानाथ ना.
730 _a धूळफेक
942 _cBOOK
999 _c163848
_d163848